Normal view
MARC view
- Mubeen Ahmed Syed Talha Safeer Gardezi Muhammad Samiullah Khan Afaq Azeem
Entry Personal Name
001 - CONTROL NUMBER
- control field: 73043
003 - CONTROL NUMBER IDENTIFIER
- control field: NUST
005 - DATE AND TIME OF LATEST TRANSACTION
- control field: 20210628204946.0
008 - FIXED-LENGTH DATA ELEMENTS
- fixed length control field: 210628|| aca||aabn | a|a d
040 ## - CATALOGING SOURCE
- Original cataloging agency: NUST
- Transcribing agency: NUST
100 ## - HEADING--PERSONAL NAME
- Personal name: Mubeen Ahmed Syed Talha Safeer Gardezi Muhammad Samiullah Khan Afaq Azeem
670 ## - SOURCE DATA FOUND
- Source citation: Work cat.: (NUST): Mubeen Ahmed Syed Talha Safeer Gardezi Muhammad Samiullah Khan Afaq Azeem, PR-SOF-1913-Solar Powered Grid Tie Inverter, 2020
